| 000 | 00421pam a2200157a 44500 | ||
|---|---|---|---|
| 008 | 230515b1999 xxu||||| |||| 00| 0 eng d | ||
| 020 | _aNULL | ||
| 041 | _aENGL | ||
| 082 | _a614 FRC. | ||
| 100 | _a"F.R.C.H.," | ||
| 245 | _aHEALTH RESOURCES INVESTMENT & EXPENDITURE | ||
| 250 | _a0 | ||
| 260 |
_aBOMBAY _bFOUNDATION FOR RESEARCH IN COMMUNITY HEALTH _c1999 |
||
| 300 | _aNULL | ||
| 650 | _a"PRIVANTIVE MEDICINE,HEALTH" | ||
| 999 |
_c538903 _d538903 |
||